| 000 | 00655cam a22002171 4500 | ||
|---|---|---|---|
| 001 | 4163 | ||
| 003 | BD-RjUL | ||
| 005 | 20211208233838.0 | ||
| 008 | 131222s1961 nyu 000 0 eng | ||
| 035 | _a(BD-RjUL) 4197 | ||
| 040 |
_aDLC _cOWoC _dOCoLC _dDLC _dBD-RjUL _beng |
||
| 041 | _aeng | ||
| 082 |
_a332.15 _bHAD 1961 _223 |
||
| 245 | 0 | 4 |
_aThe dollar in crisis / _cSeymour E. Harris |
| 260 |
_aNew York : _bHarcourt, Brace & World, _cc1961 |
||
| 300 |
_ax, 309 p. : _bill. ; _c22 cm. |
||
| 650 | 0 |
_aCurrency question _zUnited States. _910098 |
|
| 650 | 0 |
_aBalance of payments _zUnited States. _911756 |
|
| 700 |
_aHarris, Seymour E. _9134082 |
||
| 942 |
_2ddc _cBK |
||
| 999 |
_c4163 _d4163 |
||